[Event "Newcastle Forest Hall 2nd"]
[Site "Newcastle on Tyne"]
[Date "2021.12.20"]
[Round "7"]
[White "Eggleston, David"]
[Black "Blackburn, Jonathan LB"]
[Result "1/2-1/2"]
[WhiteElo "2349"]
[BlackElo "2226"]
[PlyCount "165"]
[EventDate "2021.12.17"]
[EventType "tourn"]
[EventRounds "9"]
[EventCountry "ENG"]
[EventCategory "4"]
[SourceTitle "CBM 205 Extra"]
[Source "ChessBase"]
[SourceDate "2022.01.31"]
[SourceVersion "1"]
[SourceVersionDate "2022.01.31"]
[SourceQuality "1"]

1. e4 e6 2. d4 d5 3. Nd2 c5 4. Ngf3 cxd4 5. exd5 Qxd5 6. Bc4 Qd6 7. 0-0 Nf6 8. Nb3 Nc6 9. Nbxd4 Nxd4 10. Nxd4 Be7 11. c3 0-0 12. Qf3 Qc7 13. Bb3 a5 14. a4 Bd7 15. Re1 Bc6 16. Qh3 Be4 17. Bg5 Bg6 18. Qf3 Rfd8 19. Ba2 Kh8 20. Nb5 Qc6 21. Qxc6 bxc6 22. Nd4 Rdc8 23. Bc4 h6 24. Bf4 Nd5 25. Bg3 Bc5 26. Nf3 Ra7 27. Ne5 Bf5 28. Red1 f6 29. Nd3 Be7 30. Nf4 g5 31. Ne2 Bg6 32. Nd4 Bf7 33. Rd2 Bc5 34. Re1 Bxd4 35. cxd4 Rd7 36. f3 Kg7 37. Rdd1 f5 38. Be5+ Kg8 39. Rc1 Ra8 40. Bf1 Rb7 41. Rxc6 Rxb2 42. Bc4 Nb4 43. Rd6 Rd2 44. Bxe6 Nd3 45. Bxf7+ Kxf7 46. Rf6+ Ke7 47. Rb1 Rb8 48. Bxb8 Kxf6 49. Bc7 Ra2 50. Bxa5 Rxa4 51. Bb6 Ke6 52. h3 Ra2 53. Bc7 Kd5 54. Be5 Nxe5 55. dxe5 Kxe5 56. Rb6 g4 57. hxg4 fxg4 58. fxg4 Kf4 59. Rxh6 Kxg4 60. Rb6 Kg3 61. Rb3+ Kg4 62. Kh2 Ra6 63. Rb4+ Kg5 64. Kh3 Rh6+ 65. Kg3 Ra6 66. Rb5+ Kg6 67. Kh4 Ra4+ 68. g4 Ra6 69. Rb4 Rc6 70. Rb8 Kg7 71. Kh5 Rh6+ 72. Kg5 Rg6+ 73. Kf5 Rf6+ 74. Ke5 Ra6 75. g5 Kg6 76. Rg8+ Kh7 77. Rf8 Kg6 78. Rf6+ Rxf6 79. gxf6 Kf7 80. Kf5 Kf8 81. Ke6 Ke8 82. f7+ Kf8 83. Kf6 1/2-1/2

[Event "Newcastle Forest Hall 2nd"]
[Site "Newcastle on Tyne"]
[Date "2021.12.19"]
[Round "5"]
[White "Eggleston, David"]
[Black "Claridge Hansen, William"]
[Result "1/2-1/2"]
[WhiteElo "2349"]
[BlackElo "2296"]
[PlyCount "63"]
[EventDate "2021.12.17"]
[EventType "tourn"]
[EventRounds "9"]
[EventCountry "ENG"]
[EventCategory "4"]
[SourceTitle "CBM 205 Extra"]
[Source "ChessBase"]
[SourceDate "2022.01.31"]
[SourceVersion "1"]
[SourceVersionDate "2022.01.31"]
[SourceQuality "1"]

1. e4 d5 2. exd5 Qxd5 3. Nc3 Qd6 4. d4 Nf6 5. Nf3 c6 6. Ne5 Nbd7 7. Bf4 Nd5 8. Nxd5 Qxd5 9. Nc4 Qe4+ 10. Be3 g6 11. Nd2 Qf5 12. Bd3 Qa5 13. 0-0 Bg7 14. c3 0-0 15. Bf4 e5 16. Nc4 Qc7 17. Nxe5 Nxe5 18. Qe2 Re8 19. Rfe1 f6 20. dxe5 fxe5 21. Bg3 Bf5 22. Rad1 Rad8 23. h4 Qc8 24. Bc4+ Kh8 25. Rxd8 Qxd8 26. Rd1 Qe7 27. h5 Qg5 28. hxg6 hxg6 29. Qd2 Qxd2 30. Rxd2 Bf6 31. Rd6 Kg7 32. Be2 1/2-1/2

[Event "British OTB-ch"]
[Site "Hull"]
[Date "2021.10.03"]
[Round "2"]
[White "Eggleston, David"]
[Black "Gormally, Daniel"]
[Result "0-1"]
[WhiteElo "2356"]
[BlackElo "2480"]
[PlyCount "114"]
[EventDate "2021.10.02"]
[EventType "swiss"]
[EventRounds "9"]
[EventCountry "ENG"]
[SourceTitle "EXT 2022"]
[Source "ChessBase"]
[SourceDate "2021.10.06"]
[SourceVersion "1"]
[SourceVersionDate "2021.10.06"]
[SourceQuality "1"]

1. e4 c5 2. Nf3 d6 3. d4 cxd4 4. Nxd4 Nf6 5. Nc3 a6 6. Be3 e5 7. Nf3 Qc7 8. a4 Be7 9. a5 Be6 10. Be2 0-0 11. 0-0 Nbd7 12. Ng5 Rfc8 13. Nxe6 fxe6 14. Re1 Qc6 15. Bf3 Nc5 16. Bd2 Qe8 17. g3 Rc6 18. Bg2 Qg6 19. Qe2 Rac8 20. Bh3 Qf7 21. Red1 Ncd7 22. Be1 Nf8 23. Rd2 Qh5 24. Qxh5 Nxh5 25. Rd3 Kf7 26. Bd2 Nd7 27. Be3 Nhf6 28. Bg2 Rc4 29. Bc1 Nc5 30. Re3 Ncd7 31. Re1 Bd8 32. Be3 Ng4 33. Ba7 Ra8 34. Be3 Nxe3 35. Rxe3 Rac8 36. Rd3 Ke7 37. f4 R8c5 38. Rad1 Rc6 39. Ra1 R4c5 40. f5 Bxa5 41. fxe6 Bxc3 42. exd7 Bd4+ 43. Kh1 Rxc2 44. Bh3 Rf2 45. Rf1 Rxf1+ 46. Bxf1 Kxd7 47. b3 b5 48. Rf3 Ke7 49. h4 Rc5 50. Kg2 a5 51. g4 Rc2+ 52. Kg3 d5 53. Bd3 Rb2 54. exd5 e4 55. Bxe4 Be5+ 56. Rf4 Rxb3+ 57. Bf3 Rb4 0-1